Skills shortages in the UK construction industry (Record no. 106380)
[ view plain ]
| 000 -LEADER | |
|---|---|
| fixed length control field | 01285cam a2200229 4500 |
| 001 - CONTROL NUMBER | |
| control field | ##L136397 |
| 008 - FIXED-LENGTH DATA ELEMENTS--GENERAL INFORMATION | |
| fixed length control field | 070130n2007 000 0 eng u |
| 035 ## - SYSTEM CONTROL NUMBER | |
| System control number | (Sirsi) u136397 |
| 041 0# - LANGUAGE CODE | |
| Language code of text/sound track or separate title | eng |
| 050 04 - LIBRARY OF CONGRESS CALL NUMBER | |
| Classification number | 338.4569 $2 18 |
| 100 1# - MAIN ENTRY--PERSONAL NAME | |
| Personal name | Campbell, Fiona |
| 245 00 - TITLE STATEMENT | |
| Title | Skills shortages in the UK construction industry |
| Remainder of title | survey 2006 |
| Medium | [electronic resource] |
| 260 ## - PUBLICATION, DISTRIBUTION, ETC. | |
| Place of publication, distribution, etc. | Ascot |
| Name of publisher, distributor, etc. | CIOB |
| Date of publication, distribution, etc. | 2007 |
| 520 ## - SUMMARY, ETC. | |
| Summary, etc. | Reveals a significant skills shortage in the UK construction industry, with 77% of survey respondents experiencing problems recruiting during 2006, particularly at senior management and craft/trade levels. Seventy two percent of respondents expected demand for construction to increase during 2007 and were concerned about recruiting enough skilled workers to meet this. Whilst the number of migrant workers from eastern Europe is increasing, the survey suggests this is not sufficient to fill the skills gaps, particularly at management level. |
| 590 ## - LOCAL NOTE (RLIN) | |
| Local note | KA NTK |
| 650 24 - SUBJECT ADDED ENTRY--TOPICAL TERM | |
| Topical term or geographic name entry element | CIOB ANNUAL SKILLS SHORTAGE SURVEY |
| 651 #4 - SUBJECT ADDED ENTRY--GEOGRAPHIC NAME | |
| Geographic name | United Kingdom |
| Chronological subdivision | |
| 690 ## - LOCAL SUBJECT ADDED ENTRY--TOPICAL TERM (OCLC, RLIN) | |
| Topical term or geographic name as entry element | BUILT ENVIRONMENT-CONSTRUCTION MARKET |
| 710 2# - ADDED ENTRY--CORPORATE NAME | |
| Corporate name or jurisdiction name as entry element | Chartered Institute of Building |
| 9 (RLIN) | 2134 |
| 856 40 - ELECTRONIC LOCATION AND ACCESS | |
| Uniform Resource Identifier | <a href="https://www.ciob.org.uk/news/view/1296">https://www.ciob.org.uk/news/view/1296</a> |
| Public note | View the survey free of charge at www.ciob.org.uk... |
| 942 ## - ADDED ENTRY ELEMENTS (KOHA) | |
| Suppress in OPAC | 0 |
| Withdrawn status | Lost status | Source of classification or shelving scheme | Damaged status | Not for loan | Home library | Current library | Shelving location | Date acquired | Total Checkouts | Full call number | Barcode | Date last seen | Copy number | Price effective from | Koha item type |
|---|---|---|---|---|---|---|---|---|---|---|---|---|---|---|---|
| Dewey Decimal Classification | Virtual | Virtual | Online | 30/01/2007 | ONLINE PUBLICATION | 136397-2001 | 06/08/2019 | 1 | 06/08/2019 | Book |